English Vocabulary in use. Upper-intermediate. Vocabulary reference and practice with answers and ebook.

Պահպանված է:
Մատենագիտական մանրամասներ
Հիմնական հեղինակներ: McCarthy, Michael (Հեղինակ), Oï Dell, Felicity (Հեղինակ)
Ձևաչափ: Անհայտ
Լեզու:անգլերեն
Հրապարակվել է: Cambridge, United Kindgom: Cambridge University Press, 2017
Հրատարակություն:Fourth Edition.
Խորագրեր:
Ցուցիչներ: Ավելացրեք ցուցիչ
Չկան պիտակներ, Եղեք առաջինը, ով նշում է այս գրառումը!

MARC

LEADER 00000 a2200000 4500
003 CL-VaPUC
005 20220915180801.0
008 211227b2017 ||||| |||| 00| 0 eng d
999 |c 433921  |d 433919 
020 |a 978-1316631744 
040 |c Pontificia Universidad Católica de Valparaíso 
082 |a 428.24 MCC 2017  |2 22 
100 1 |a McCarthy, Michael  |e author  |9 865500 
245 |a English Vocabulary in use.  |b Upper-intermediate. Vocabulary reference and practice with answers and ebook. 
250 |a Fourth Edition. 
260 |a Cambridge, United Kindgom:  |b Cambridge University Press,   |c 2017 
300 |a 280 páginas  
583 |k Cristina María Rojas Aguilar  |c 20211227 
650 |a Idioma inglés   |x Gramática   |x Vocabulario, problemas y ejercicios  |9 865501 
650 |a Idioma inglés  |x Libro de texto hablantes extranjeros  |9 865502 
700 |a Oï Dell, Felicity  |e author  |9 521685 
942 |2 ddc  |c BK 
952 |0 0  |1 0  |2 ddc  |4 0  |6 428_240000000000000_MCC_2017  |7 0  |8 A  |9 579853  |a BIBEDU  |b BIBEDU  |d 2021-12-27  |e 74  |g 37609.00  |i 5631610  |o 428.24 MCC 2017  |p 5631610  |r 2021-12-27  |t 2  |v 37609.00  |w 2021-12-27  |y BK  |k LIT 
952 |0 0  |1 0  |2 ddc  |4 0  |6 428_240000000000000_MCC_2017  |7 0  |8 A  |9 579854  |a BIBEDU  |b BIBEDU  |d 2021-12-27  |e 74  |g 37609.00  |i 5631637  |o 428.24 MCC 2017  |p 5631637  |r 2021-12-27  |t 4  |v 37609.00  |w 2021-12-27  |y BK  |k LIT 
952 |0 0  |1 0  |2 ddc  |4 0  |6 428_240000000000000_MCC_2017  |7 0  |8 A  |9 579855  |a BIBEDU  |b BIBEDU  |d 2021-12-27  |e 74  |g 37609.00  |i 5631629  |o 428.24 MCC 2017  |p 5631629  |r 2021-12-27  |t 3  |v 37609.00  |w 2021-12-27  |y BK  |k LIT 
952 |0 0  |1 0  |2 ddc  |4 0  |6 428_240000000000000_MCC_2017  |7 0  |8 A  |9 579856  |a BIBEDU  |b BIBEDU  |d 2021-12-27  |e 74  |g 37609.00  |i 5631602  |l 1  |o 428.24 MCC 2017  |p 5631602  |r 2024-03-19  |s 2024-03-19  |t 1  |v 37609.00  |w 2021-12-27  |y BK  |k LIT 
952 |0 0  |1 0  |2 ddc  |4 0  |6 428_240000000000000_MCC_2017  |7 0  |8 A  |9 582817  |a BIBEDU  |b BIBEDU  |c GEN  |d 2022-05-02  |e 74  |g 39159.00  |i 5651003  |o 428.24 MCC 2017  |p 5651003  |r 2022-05-02  |t 7  |v 39159.00  |w 2022-05-02  |y BK  |k LIT 
952 |0 0  |1 0  |2 ddc  |4 0  |6 428_240000000000000_MCC_2017  |7 0  |8 A  |9 582818  |a BIBEDU  |b BIBEDU  |c GEN  |d 2022-05-02  |e 74  |g 39159.00  |i 5651002  |o 428.24 MCC 2017  |p 5651002  |r 2022-05-02  |t 6  |v 39159.00  |w 2022-05-02  |y BK  |k LIT 
952 |0 0  |1 0  |2 ddc  |4 0  |6 428_240000000000000_MCC_2017  |7 0  |8 A  |9 582819  |a BIBEDU  |b BIBEDU  |c GEN  |d 2022-05-02  |e 74  |g 39159.00  |i 5651001  |o 428.24 MCC 2017  |p 5651001  |r 2022-05-02  |t 5  |v 39159.00  |w 2022-05-02  |y BK  |k LIT 
952 |0 0  |1 0  |2 ddc  |4 0  |6 428_240000000000000_MCC_2017  |7 0  |8 A  |9 582820  |a BIBEDU  |b BIBEDU  |c GEN  |d 2022-05-02  |e 74  |g 39159.00  |i 5651004  |o 428.24 MCC 2017  |p 5651004  |r 2022-05-02  |t 8  |v 39159.00  |w 2022-05-02  |y BK  |k LIT